Poznávací atlas ilustrovaná kreatívna a vzdelávacia kniha pre deti Horné Považie - Žilina, Bytča a okolie

Bibliographic Details
Format: Book
Language:Slovak
PhysicalDescription:111 strán farebné ilustrácie, ilustrované listy 31 cm 1 voľná príloha
Published: Púchov Zirek Group, s.r.o. 2024
ISBN:9788097409951
Edition:Vydanie prvé
Subjects:

MARC

LEADER 00000cam a2200000 4500
001 vtls012265008
003 SK-MaSNL
005 20260324065706.0
008 241009s2024 xo af c 000 0 slo
015 |a SNBA2024/11 
020 |a 9788097409951  |q (viazané) 
040 |a SNK  |b slo  |c SNK  |e rda 
041 0 |a slo 
043 |a e-xo--- 
044 |a xo  |c SK 
072 7 |a 913  |x Regionálna geografia  |2 konspekt 
072 7 |a 0/9-053.2  |x Literatúra pre deti a mládež (náučná)  |2 konspekt 
080 |a 913  |2 2011 
080 |a 93/94-027.541  |2 2011 
080 |a 904  |2 2011 
080 |a 502.21(1-751.4)  |2 2011 
080 |a 0/9  |2 2011 
080 |a (437.6)  |2 2011 
080 |a 82-93-053.2  |2 2011 
080 |a (0.025.2)  |2 2011 
245 0 0 |a Poznávací atlas  |b ilustrovaná kreatívna a vzdelávacia kniha pre deti  |p Horné Považie - Žilina, Bytča a okolie 
246 3 0 |a Horné Považie - Žilina, Bytča a okolie 
250 |a Vydanie prvé 
264 1 |a Púchov  |b Zirek Group, s.r.o.  |c 2024 
300 |a 111 strán  |b farebné ilustrácie, ilustrované listy  |c 31 cm  |e 1 voľná príloha 
336 |a text  |b txt  |2 rdacontent 
336 |a statický obraz  |b sti  |2 rdacontent 
337 |a bez média  |b n  |2 rdamedia 
338 |a zväzok  |b nc  |2 rdacarrier 
500 |a Príloha: obsahuje 55 samolepiek na 2 voľných listoch 
500 |a Názov z obálky 
650 0 7 |a regionálna geografia  |2 SNKPH  |9 822 
650 0 7 |a regionálne dejiny  |2 SNKPH  |9 63645 
650 0 7 |a historické pamiatky  |2 SNKPH  |9 75346 
650 0 7 |a prírodné pamiatky  |2 SNKPH  |9 3807 
650 0 7 |a všeobecnosti a zaujímavosti  |2 SNKPH  |9 4162 
650 0 7 |a Regional geography  |2 SNKPHeng  |9 267552 
650 0 7 |a Regional history  |2 SNKPHeng  |9 266493 
650 0 7 |a Monuments  |2 SNKPHeng  |9 306783 
650 0 7 |a Natural monuments  |2 SNKPHeng  |9 267900 
650 0 7 |a General and attractions  |2 SNKPHeng  |9 267066 
651 7 |a Horné Považie (Slovensko : región)  |2 SNKPHgeo  |9 165175 
651 7 |a Horné Považie (Slovakia : region)  |2 SNKPHeng  |9 165512 
655 7 |a publikácie pre deti  |2 SNKPH  |9 70148 
655 7 |a ilustrované publikácie  |2 SNKPH  |9 109406 
655 7 |a Publications for children  |2 SNKPHeng  |9 276792 
655 7 |a Illustrated publications  |2 SNKPHeng  |9 289635 
852 |a Slovenská národná knižnica 
919 |a 978-80-974099-5-1 
954 |a ilustrované knihy, leporelá, komiksy pôvodné (slovenské)  |2 lita 
999 |c 960262  |d 962192 
952 |a SNK  |b SNK  |y PREZ  |7 0  |p 17A1549838  |o snkSB 100814  |i snk2024/15557  |8 0  |3 + Príloha: 2 voľné listy  |0 0  |1 0  |4 0  |d 2024-10-09  |f 1  |l 0  |r 2026-02-24 10:16:52  |w 2026-02-24 
952 |a SNK  |b SNK  |y PREZ  |7 0  |p 17A1553763  |o snkSB 100814/príl.  |i snk2024/15557  |8 0  |z Príloha: 2 voľné listy  |0 0  |1 0  |4 0  |d 2024-10-09  |f 1  |l 0  |r 2026-02-24 10:16:52  |w 2026-02-24